000 00288nam a22001217a 4500
082 _a332.45 COH
100 _aCohen, Benjamin J.
245 _aOrganizing the worlds money
260 _aLondon
_bBasic books
_c1977
300 _ax, 310p.
_bill 22cm.
500 _aInclude index
942 _cBK
999 _c14910
_d14910